[Event "POL-chT DMP Ekstraliga 2019"]
[Site "Katowice"]
[Date "2019.09.01"]
[Round "5.18"]
[White "Buksa, Nataliya"]
[Black "Bartel, Marta"]
[Result "1-0"]
[WhiteElo "2406"]
[BlackElo "2244"]
[Annotator "NA"]
[PlyCount "101"]
[EventDate "2019.08.28"]
[EventType "team-tourn"]
[EventCountry "POL"]
[SourceTitle "playchess.com"]
[Source "ChessBase"]
[SourceQuality "1"]
[TimeControl "40/5400+30:1800+30"]

1. e4 {[%emt 0:00:00]} c5 {[%emt 0:00:00]} 2. Nf3 {[%emt 0:00:00]} Nc6 {[%emt 0:00:00]} 3. Bb5 {[%emt 0:00:00]} e6 {[%emt 0:00:02]} 4. O-O {[%emt 0:00:54]} Nge7 {[%emt 0:00:09]} 5. d4 {[%emt 0:00:04]} cxd4 {[%emt 0:00:11]} 6. Nxd4 {[%emt 0:00:04]} Qb6 {[%emt 0:00:21]} 7. Nxc6 {[%emt 0:01:06]} bxc6 {[%emt 0:00:07]} 8. Bd3 {[%emt 0:00:19]} Ng6 {[%emt 0:00:09]} 9. c4 {[%emt 0:00:29]} Bc5 {[%emt 0:01:20]} 10. Nc3 {[%emt 0:00:15]} Qc7 {[%emt 0:00:09]} 11. Na4 {[%emt 0:04:40]} Be7 {[%emt 0:03:56]} 12. c5 {[%emt 0:02:44]} d5 {[%emt 0:04:43]} 13. cxd6 {[%emt 0:05:25]} Bxd6 {[%emt 0:00:12]} 14. g3 {[%emt 0:00:28]} O-O {[%emt 0:19:30]} 15. Be3 {[%emt 0:00:04]} Rd8 {[%emt 0:16:14]} 16. f4 {[%emt 0:10:27]} Bb7 {[%emt 0:14:01]} 17. Rc1 {[%emt 0:08:50]} Qa5 {[%emt 0:04:31]} 18. Qc2 {[%emt 0:05:25]} Bf8 {[%emt 0:05:07]} 19. Nc5 {[%emt 0:16:53]} Bxc5 {[%emt 0:14:20]} 20. Bxc5 {[%emt 0:00:05]} Ba6 {[%emt 0:00:55]} 21. Bxa6 {[%emt 0:07:40]} Qxa6 {[%emt 0:00:01]} 22. b4 {[%emt 0:00:06]} h6 {[%emt 0:07:22]} 23. Rfd1 {[%emt 0:03:27]} Qb7 {[%emt 0:03:36]} 24. a3 {[%emt 0:00:56]} Qa6 {[%emt 0:01:12]} 25. a4 {[%emt 0:02:31]} Rac8 {[%emt 0:00:18]} 26. Kf2 {[%emt 0:03:37]} Qb7 {[%emt 0:01:56]} 27. Rd3 {[%emt 0:01:16]} e5 {[%emt 0:01:13]} 28. f5 {[%emt 0:01:24]} Nf8 {[%emt 0:00:02]} 29. Rcd1 {[%emt 0:00:15]} Rxd3 {[%emt 0:00:32]} 30. Qxd3 {[%emt 0:00:04]} Nh7 {[%emt 0:00:22]} 31. Kf3 {[%emt 0:09:23]} Nf6 {[%emt 0:00:16]} 32. a5 {[%emt 0:00:16]} a6 {[%emt 0:00:55]} 33. Bb6 {[%emt 0:02:44]} Re8 {[%emt 0:00:25]} 34. Qc4 {[%emt 0:05:20]} Rc8 {[%emt 0:00:44]} 35. Qc5 {[%emt 0:00:38]} Re8 {[%emt 0:01:52]} 36. Qc4 {[%emt 0:01:33]} Rc8 {[%emt 0:00:34]} 37. g4 {[%emt 0:00:07]} Nd7 {[%emt 0:00:32]} 38. Be3 {[%emt 0:00:20]} Nf6 {[%emt 0:00:34]} 39. h4 {[%emt 0:01:20]} Ne8 {[%emt 0:00:28]} 40. g5 {[%emt 0:00:00]} hxg5 {[%emt 0:00:00]} 41. hxg5 {[%emt 0:03:39]} Qb5 {[%emt 0:03:18]} 42. Qxb5 {[%emt 0:03:24]} cxb5 {[%emt 0:00:33]} 43. Bc5 {[%emt 0:10:51]} g6 {[%emt 0:08:23]} 44. fxg6 {[%emt 0:00:58]} fxg6 {[%emt 0:00:06]} 45. Rd5 {[%emt 0:00:03]} Nc7 {[%emt 0:01:39]} 46. Rxe5 {[%emt 0:03:00]} Re8 {[%emt 0:02:48]} 47. Rxe8+ {[%emt 0:00:30]} Nxe8 {[%emt 0:00:01]} 48. Kf4 {[%emt 0:00:04]} Kf7 {[%emt 0:01:21]} 49. Ke5 {[%emt 0:00:03]} Nc7 {[%emt 0:01:13]} 50. Kd6 {[%emt 0:00:06]} Ne6 {[%emt 0:00:06]} 51. Be3 {[%emt 0:00:02]} 1-0

[Event "POL-chT DMP Ekstraliga 2019"]
[Site "Katowice"]
[Date "2019.09.01"]
[Round "5.19"]
[White "Heberla, Bartlomiej"]
[Black "Navara, David"]
[Result "0-1"]
[WhiteElo "2552"]
[BlackElo "2724"]
[Annotator "TA"]
[PlyCount "71"]
[EventDate "2019.08.28"]
[EventType "team-tourn"]
[EventCountry "POL"]
[SourceTitle "playchess.com"]
[Source "ChessBase"]
[SourceQuality "1"]

{[%evp 18,71,0,0,6,8,12,20,28,7,62,12,12,8,25,7,24,21,30,8,24,0,24,9,16,11,11,7,20,11,23,0,2,0,1,2,8,0,0,-8,0,0,0,-284,-284,-275,-269,-306,-299,-294,-295,-280,-279,-529,-529,-531]} 1. d4 Nf6 2. c4 e6 3. Nf3 b6 4. a3 Bb7 5. Nc3 d5 6. Bg5 Be7 7. Bxf6 Bxf6 8. cxd5 exd5 9. g3 O-O 10. Bg2 Nd7 {[%cal Bb8d7,Bd7f8,Bf8e6][%mdl 32] E12: Queen's Indian: Unusual White 4th moves, 4 a3, 4 Nc3 Bb7 5 a3 and 4 Nc3 Bb7} 11. O-O Re8 12. e3 c5 {The position is equal.} 13. Rc1 cxd4 {[#]} (13... Nf8 $11) 14. exd4 $146 ({Predecessor:} 14. Nxd4 Nc5 15. b4 Bxd4 16. exd4 Ne4 17. Re1 Qd7 18. Re3 Rac8 {1-0 (36) Neverov,V (2587)-Sulskis,S (2576) Port Erin 2002}) 14... Nf8 15. Qd2 a6 16. Rfe1 Qd6 17. Ne5 Ne6 18. f4 b5 19. Kh1 b4 20. axb4 Qxb4 21. Rcd1 Rad8 22. Qf2 a5 23. Rd2 a4 (23... Be7 {keeps more tension.} 24. h4 Nc7 25. Ra1 Na6 26. Bf3 Qb6) 24. Ra1 (24. Red1 {seems wilder.} Nc7 25. Ra1 Ra8 26. Rc2 Rec8 27. Kg1) 24... Bxe5 $1 25. fxe5 Bc6 $1 26. h4 Re7 27. Qe3 Rb7 28. Rf1 a3 29. bxa3 Qxa3 30. Nxd5 $2 {[%mdl 8192]} (30. Ra2 $11 Qe7 31. Raf2) 30... Qa6 $19 31. Nf6+ gxf6 32. Rxf6 Rb1+ 33. Kh2 {[#] Hoping for Rxe6!} Bxg2 $1 34. Rxg2 {Strongly threatening Rxe6!} Qa1 {[%csl Ga1][%cal Rb1h1]} ({Don't blunder} 34... Qb7 $2 {[#]} 35. Rxe6 $1 {[%mdl 512]} fxe6 36. Qg5+ Kf7 37. Rf2+ (37. Qxd8 Rf1 $16) 37... Ke8 38. Qh5+ Kd7 39. Rf7+ {[%mdl 64] Double Attack, Skewer} Kc8 40. Rxb7 $18) 35. Rd2 $2 (35. Rg1 Rb2+ 36. Rf2 Rxf2+ 37. Qxf2 Qxd4 38. Qxd4 Nxd4 39. Kg2) 35... Rxd4 36. Rc2 {Accuracy: White = 42%, Black = 40%.} 0-1

[Event "POL-chT DMP Ekstraliga 2019"]
[Site "Katowice"]
[Date "2019.09.01"]
[Round "5.20"]
[White "Socko, Bartosz"]
[Black "Maksimenko, Andrei"]
[Result "1/2-1/2"]
[WhiteElo "2625"]
[BlackElo "2468"]
[Annotator "TA"]
[PlyCount "161"]
[EventDate "2019.08.28"]
[EventType "team-tourn"]
[EventCountry "POL"]
[SourceTitle "playchess.com"]
[Source "ChessBase"]
[SourceQuality "1"]

{[%evp 18,161,22,20,21,11,18,16,12,-40,-53,-90,-94,-117,-131,-184,-175,-183,-183,-181,-178,-183,-189,-236,-241,-268,-242,-293,-288,-312,-273,-264,-268,-274,-237,-283,-229,-215,-183,-166,-161,-162,-151,-151,-143,-138,0,0,0,-136,-145,-137,-138,-141,-145,-210,-225,-224,-201,-256,-256,-253,-256,-278,-188,-188,-184,-179,-163,-163,-163,-163,-156,-163,-163,-163,-163,-163,-162,-168,-156,-209,-160,-466,-466,-434,-464,-479,-470,-634,-496,-466,-433,-678,-678,-618,-463,-463,-463,-460,-433,-625,-542,-678,-678,-630,-663,-663,-663,-637,-633,-662,-626,-729,-729,-729,-686,-533,-424,-679,-8,-8,-8,-8,-8,-8,0,-8,-8,-8,-8,-8,-8,-8,-8,-8,-8,-8,0,0,0,0,0,-8,0,-8]} 1. d4 d5 2. c4 c6 3. Nf3 Nf6 4. Nbd2 g6 5. g3 Bg7 6. Bg2 O-O 7. O-O Bf5 8. b3 {[%cal Bb2b3,Bb3b4][%mdl 32]} Ne4 9. Bb2 Qa5 10. a3 Nd7 {D78: Fianchetto Grünfeld: 6 0-0 c6} 11. b4 Qa6 12. Rc1 Rfd8 $146 ({Predecessor:} 12... Nb6 13. c5 Na4 14. Ba1 Qb5 15. Nb3 b6 16. e3 a5 17. Re1 bxc5 18. bxc5 {0-1 (30) Ladva,O (2498)-Shirov,A (2637) Viljandi 2018}) 13. Qb3 (13. Re1 $11) 13... Nb6 $15 14. b5 cxb5 {[%cal Rd5c4]} 15. cxb5 Qa4 $1 16. Rc7 (16. Bc3 $17) 16... Rd7 17. Rxd7 Qxb3 18. Nxb3 Bxd7 19. Ne5 Bxb5 20. Rc1 Bxe2 21. Rc7 f6 22. f3 Nd6 ({Weaker is} 22... fxe5 23. fxe4 Bc4 24. Nd2 $17) 23. Nd7 Rc8 24. Rxc8+ Nbxc8 ({Don't take} 24... Ndxc8 25. Nxb6 axb6 26. Kf2 $19) 25. Nbc5 b6 26. Ne6 Bb5 27. Nb8 Kf7 28. Nd8+ Ke8 29. Ne6 Bh8 30. f4 Bc4 31. Nc7+ Kd8 32. Ne6+ $1 Ke8 33. Nc7+ Kf7 34. Nxd5 e6 $36 {[%mdl 2048] Black is on the roll.} 35. Ne3 Ne7 36. a4 (36. Kf2 $17) 36... Bb3 $19 37. Ba3 Ndc8 38. Nc6 Nxc6 39. Bxc6 f5 40. Bb2 Nd6 41. Kf2 Ke7 42. Ke2 Kd8 43. Kd3 Kc7 44. Bb5 a5 45. Kc3 Nxb5+ 46. axb5 {[%mdl 4096] Endgame KBB-KBN} Ba4 47. Kc4 Bf6 48. Ba3 Kd7 49. d5 (49. Ng2 $17) 49... e5 50. h3 $2 (50. Bb2 $17 {is a better chance.} exf4 {[%mdl 64] Discovered Attack} 51. Bxf6 fxe3 52. Kd3) 50... exf4 51. gxf4 Be7 52. d6 Bxd6 53. Nd5 Bd1 (53... Bxa3 $2 54. Nxb6+ Kd8 55. Nxa4 $19) 54. Nxb6+ Ke6 55. Bxd6 (55. Bc1 $142 Be2+ 56. Kb3) 55... Kxd6 {KB-KN} 56. Nc8+ Kd7 57. Nb6+ Kc7 58. Nd5+ {[#]} Kd6 $1 {...Bb3+! is the strong threat.} 59. Nc3 (59. Nf6 $142 Be2+ 60. Kd4) 59... Bf3 60. h4 Bg2 61. Kd4 Bf1 62. b6 Kc6 63. Nd5 Be2 64. Nf6 Kxb6 65. Nxh7 Kb5 66. Kc3 Kc5 67. Nf8 Bh5 68. Kb3 {[#]} (68. Nh7 $142 a4 69. Nf8) 68... Kd5 $2 (68... Kd4 $1 $19 {[%cal Rd4e3] aiming for ...Ke3.} 69. Ne6+ Ke3) 69. Ka4 $11 {The position is equal.} Ke4 70. Ne6 Be2 {Strongly threatening ...Bc4.} 71. Nf8 $1 Bh5 72. Ne6 Kf3 (72... Ke3 {seems wilder.} 73. Kxa5 Bf3 74. Nf8 Kxf4 75. Nxg6+ Kg3) 73. Kxa5 Kg3 74. Kb4 Kxh4 75. Kc5 Kg3 76. Kd4 Bd1 77. Ke5 Bh5 78. Kf6 Kg4 79. Ke5 Kg3 80. Kf6 Kg4 81. Ke5 {Accuracy: White = 46%, Black = 67%.} 1/2-1/2

[Event "POL-chT DMP Ekstraliga 2019"]
[Site "Katowice"]
[Date "2019.09.01"]
[Round "5.21"]
[White "Piesik, Piotr"]
[Black "Gajewski, Grzegorz"]
[Result "0-1"]
[WhiteElo "2409"]
[BlackElo "2613"]
[Annotator "TA"]
[PlyCount "78"]
[EventDate "2019.08.28"]
[EventType "team-tourn"]
[EventCountry "POL"]
[SourceTitle "playchess.com"]
[Source "ChessBase"]
[SourceQuality "1"]

{[%evp 20,78,22,23,19,11,11,0,0,0,0,-10,0,0,0,0,0,0,0,0,0,-39,-29,-52,-55,-52,-42,-39,-45,-45,-47,-49,14,8,8,-29,-42,-41,-37,-113,-13,-19,-18,-11,0,-145,-135,-131,-40,-38,-36,-443,-443,-422,-420,-1947,-1992,-2052,-1788,-29993,-29994]} 1. d4 Nf6 2. Bf4 g6 3. Nf3 Bg7 4. e3 O-O 5. Be2 d6 6. h3 Nc6 7. O-O Nd7 8. c4 e5 9. Bh2 exd4 10. exd4 Re8 11. Nc3 Nf6 {E61: King's Indian: Early deviations for White, including Smyslov System} 12. d5 (12. Bd3 Nh5 13. Bc2 Nb4 14. Ba4 Bd7 15. a3 Bxa4 16. Qxa4 Nc6 17. Rad1 Qd7 18. c5 Rad8 19. cxd6 cxd6 {0-1 (36) Grachev,B (2654)-Aronian,L (2801) Moscow 2010}) 12... Nb4 13. a3 Na6 {[%cal Bb4a6,Ba6c5,Bc5e4][%mdl 32] [#] The position is equal.} 14. Bd3 $146 ({Predecessor:} 14. Rc1 Bh6 15. Rb1 Bf5 16. Bd3 Bxd3 17. Qxd3 Nc5 18. Qc2 a5 19. Rfd1 {½-½ (19) Ribli,Z (2610)-Hug,W (2435) Thessaloniki 1984}) 14... Nc5 15. Bc2 Nfe4 16. Nxe4 Nxe4 17. Re1 f5 18. Rb1 Bh6 19. Re2 Bd7 20. Qe1 Qf6 21. Rd1 {[%cal Rc2e4]} Nc5 22. b4 Rxe2 23. Qxe2 Re8 24. Ne5 dxe5 25. bxc5 c6 (25... Qa6 $15) 26. Rb1 $11 Bc8 27. f4 {[%cal Rf4e5]} e4 $1 $36 {[%mdl 2048] Hoping for ...Qd4+. Black is pushing.} 28. Qe3 Bg7 29. Kf1 ({White should play} 29. Rd1 $15) 29... Kh8 (29... cxd5 $17 {And now ...d4 would win.} 30. cxd5 b6 $1 {[%mdl 512]}) 30. Bg1 cxd5 31. cxd5 b6 32. c6 (32. cxb6 $11 axb6 33. Bf2) 32... Ba6+ $17 33. Kf2 Qh4+ ({Black should try} 33... Bc4 $17 34. Ba4 Bxd5) 34. g3 $15 Qxh3 {White must now prevent ...g5!} 35. d6 $2 {[%mdl 8192] [#]} (35. Rd1 $1 $15 Kg8 36. g4 Qh4+ 37. Kg2 Qxg4+ 38. Qg3 Qe2+ 39. Qf2) 35... Re6 $1 $19 {[%cal Be8e6,Be6d6,Bd6d4][%mdl 32]} 36. d7 Rd6 {( -> ...Bd4!)} 37. Bxe4 (37. Bd3 $142 Bd4 38. Qxd4+ Rxd4 39. Bxa6) 37... Bd4 38. Qxd4+ Rxd4 39. Bd3 Rxd3 0-1

[Event "POL-chT DMP Ekstraliga 2019"]
[Site "Katowice"]
[Date "2019.09.01"]
[Round "5.22"]
[White "Miton, Kamil"]
[Black "Simantsev, Mikhail"]
[Result "1-0"]
[WhiteElo "2589"]
[BlackElo "2346"]
[Annotator "ChessBase"]
[PlyCount "73"]
[EventDate "2019.08.28"]
[EventType "team-tourn"]
[EventCountry "POL"]
[SourceTitle "playchess.com"]
[Source "ChessBase"]
[SourceQuality "1"]
[TimeControl "40/5400+30:1800+30"]

1. Nf3 {[%emt 0:00:00]} Nf6 {[%emt 0:00:00]} 2. c4 {[%emt 0:00:00]} e6 {[%emt 0:01:00]} 3. Nc3 {[%emt 0:00:13]} Bb4 {[%emt 0:02:06]} 4. Qc2 {[%emt 0:02:04]} c5 {[%emt 0:13:33]} 5. a3 {[%emt 0:00:54]} Ba5 {[%emt 0:01:58]} 6. g3 {[%emt 0:00:46]} O-O {[%emt 0:05:06]} 7. Bg2 {[%emt 0:00:44]} Nc6 {[%emt 0:05:14]} 8. O-O {[%emt 0:00:52]} d6 {[%emt 0:02:46]} 9. d3 {[%emt 0:06:51]} h6 {[%emt 0:06:39]} 10. e3 {[%emt 0:01:32]} e5 {[%emt 0:13:18]} 11. b3 {[%emt 0:01:31]} Bg4 {[%emt 0:05:05]} 12. h3 {[%emt 0:01:51]} Be6 {[%emt 0:05:25]} 13. Bb2 {[%emt 0:01:56]} Qd7 {[%emt 0:09:15]} 14. Kh2 {[%emt 0:01:04]} Rfe8 {[%emt 0:01:03]} 15. Rad1 {[%emt 0:01:38]} Rac8 {[%emt 0:01:01]} 16. Ne2 {[%emt 0:18:31]} Bc7 {[%emt 0:06:21]} 17. e4 {[%emt 0:00:55]} Nh7 {[%emt 0:05:47]} 18. Nfg1 {[%emt 0:03:33]} f5 {[%emt 0:04:43]} 19. f4 {[%emt 0:00:23]} fxe4 {[%emt 0:01:49]} 20. dxe4 {[%emt 0:02:19]} Nd4 {[%emt 0:01:44]} 21. Nxd4 {[%emt 0:17:25]} cxd4 {[%emt 0:01:23]} 22. Qd3 {[%emt 0:00:07]} a6 {[%emt 0:01:08]} 23. a4 {[%emt 0:10:37]} Bb8 {[%emt 0:03:17]} 24. Rc1 {[%emt 0:01:45]} Bf7 {[%emt 0:01:02]} 25. Nf3 {[%emt 0:01:45]} Nf6 {[%emt 0:00:57]} 26. Nh4 {[%emt 0:01:44]} b5 {[%emt 0:00:04]} 27. cxb5 {[%emt 0:01:31]} axb5 {[%emt 0:00:02]} 28. axb5 {[%emt 0:00:58]} Rxc1 {[%emt 0:00:59]} 29. Bxc1 {[%emt 0:02:50]} Rc8 {[%emt 0:00:48]} 30. Bd2 {[%emt 0:00:52]} Rc5 {[%emt 0:00:28]} 31. fxe5 {[%emt 0:02:27]} dxe5 {[%emt 0:00:10]} 32. Nf5 {[%emt 0:00:07]} Qxb5 {[%emt 0:00:47]} 33. Qf3 {[%emt 0:00:22]} Qxb3 {[%emt 0:00:23]} 34. Qxb3 {[%emt 0:01:48]} Bxb3 {[%emt 0:00:01]} 35. Rb1 {[%emt 0:00:06]} Rb5 {[%emt 0:01:27]} 36. Bf1 {[%emt 0:00:17]} Rb7 {[%emt 0:00:37]} 37. Bc4+ {[%emt 0:01:23]} 1-0

[Event "POL-chT DMP Ekstraliga 2019"]
[Site "Katowice"]
[Date "2019.09.01"]
[Round "5.23"]
[White "Szustakowski, Antoni"]
[Black "Bulski, Krzysztof"]
[Result "1-0"]
[WhiteElo "2256"]
[BlackElo "2537"]
[Annotator "ChessBase"]
[PlyCount "93"]
[EventDate "2019.08.28"]
[EventType "team-tourn"]
[EventCountry "POL"]
[SourceTitle "playchess.com"]
[Source "ChessBase"]
[SourceQuality "1"]
[TimeControl "40/5400+30:1800+30"]

1. d4 {[%emt 0:00:00]} Nf6 {[%emt 0:00:00]} 2. c4 {[%emt 0:00:00]} e6 {[%emt 0:00:05]} 3. Nc3 {[%emt 0:00:00]} Bb4 {[%emt 0:00:23]} 4. f3 {[%emt 0:00:00]} d5 {[%emt 0:00:50]} 5. a3 {[%emt 0:00:00]} Bxc3+ {[%emt 0:02:46]} 6. bxc3 {[%emt 0:00:18]} b6 {[%emt 0:15:13]} 7. cxd5 {[%emt 0:00:39]} exd5 {[%emt 0:01:18]} 8. e3 {[%emt 0:00:13]} Qd7 {[%emt 0:01:29]} 9. Bd3 {[%emt 0:01:40]} Ba6 {[%emt 0:03:17]} 10. Ne2 {[%emt 0:00:10]} Bxd3 {[%emt 0:10:45]} 11. Qxd3 {[%emt 0:00:10]} O-O {[%emt 0:00:04]} 12. O-O {[%emt 0:00:06]} Nc6 {[%emt 0:05:29]} 13. e4 {[%emt 0:07:03]} Na5 {[%emt 0:04:00]} 14. Ng3 {[%emt 0:08:11]} Nb3 {[%emt 0:05:33]} 15. Rb1 {[%emt 0:00:11]} Nxc1 {[%emt 0:00:05]} 16. Rbxc1 {[%emt 0:00:03]} Kh8 {[%emt 0:15:34]} 17. c4 {[%emt 0:09:55]} dxe4 {[%emt 0:03:38]} 18. fxe4 {[%emt 0:00:52]} Ng4 {[%emt 0:01:11]} 19. Rf5 {[%emt 0:04:37]} Rad8 {[%emt 0:00:53]} 20. h3 {[%emt 0:05:10]} Nh6 {[%emt 0:00:47]} 21. Rd5 {[%emt 0:00:05]} Qe7 {[%emt 0:00:48]} 22. Rf1 {[%emt 0:07:52]} Rd6 {[%emt 0:07:07]} 23. Rh5 {[%emt 0:06:09]} Rf6 {[%emt 0:02:05]} 24. Re1 {[%emt 0:07:48]} Rd8 {[%emt 0:03:53]} 25. e5 {[%emt 0:07:41]} Rf4 {[%emt 0:01:08]} 26. Re4 {[%emt 0:00:42]} Rxe4 {[%emt 0:02:05]} 27. Nxe4 {[%emt 0:00:44]} Qf8 {[%emt 0:10:45]} 28. Ng5 {[%emt 0:02:14]} Qg8 {[%emt 0:00:15]} 29. d5 {[%emt 0:00:12]} Re8 {[%emt 0:01:40]} 30. e6 {[%emt 0:01:56]} fxe6 {[%emt 0:01:18]} 31. dxe6 {[%emt 0:00:33]} Re7 {[%emt 0:00:08]} 32. Qd4 {[%emt 0:02:46]} Nf5 {[%emt 0:00:55]} 33. Qe5 {[%emt 0:03:28]} Nd6 {[%emt 0:00:09]} 34. Rxh7+ {[%emt 0:01:41]} Qxh7 {[%emt 0:00:02]} 35. Nxh7 {[%emt 0:00:04]} Kxh7 {[%emt 0:00:03]} 36. c5 {[%emt 0:01:12]} bxc5 {[%emt 0:00:04]} 37. Qxc5 {[%emt 0:00:04]} Rxe6 {[%emt 0:01:17]} 38. Qxa7 {[%emt 0:00:14]} Re1+ {[%emt 0:00:30]} 39. Kh2 {[%emt 0:00:46]} Rc1 {[%emt 0:00:24]} 40. Qe3 {[%emt 0:00:00]} Rc4 {[%emt 0:00:00]} 41. Qb3 {[%emt 0:00:50]} Kg6 {[%emt 0:11:03]} 42. a4 {[%emt 0:00:33]} Rc5 {[%emt 0:00:06]} 43. Qb4 {[%emt 0:00:31]} Rc4 {[%emt 0:02:37]} 44. Qb1+ {[%emt 0:00:05]} Kf6 {[%emt 0:00:22]} 45. Qa1+ {[%emt 0:01:01]} Ke6 {[%emt 0:00:48]} 46. a5 {[%emt 0:00:12]} Nb5 {[%emt 0:00:19]} 47. a6 {[%emt 0:00:54]} 1-0

[Event "POL-chT DMP Ekstraliga 2019"]
[Site "Katowice"]
[Date "2019.09.01"]
[Round "5.24"]
[White "Socko, Monika"]
[Black "Antolak, Julia"]
[Result "1-0"]
[WhiteElo "2436"]
[BlackElo "2240"]
[Annotator "ChessBase"]
[PlyCount "59"]
[EventDate "2019.08.28"]
[EventType "team-tourn"]
[EventCountry "POL"]
[SourceTitle "playchess.com"]
[Source "ChessBase"]
[SourceQuality "1"]
[TimeControl "40/5400+30:1800+30"]

1. d4 {[%emt 0:00:00]} Nf6 {[%emt 0:00:00]} 2. c4 {[%emt 0:00:00]} g6 {[%emt 0:00:00]} 3. Nc3 {[%emt 0:00:00]} d5 {[%emt 0:00:00]} 4. cxd5 {[%emt 0:00:00]} Nxd5 {[%emt 0:00:00]} 5. e4 {[%emt 0:00:00]} Nxc3 {[%emt 0:00:01]} 6. bxc3 {[%emt 0:00:00]} Bg7 {[%emt 0:00:05]} 7. Nf3 {[%emt 0:00:02]} c5 {[%emt 0:00:29]} 8. Bb5+ {[%emt 0:00:11]} Bd7 {[%emt 0:03:16]} 9. Be2 {[%emt 0:00:17]} O-O {[%emt 0:15:58]} 10. O-O {[%emt 0:00:09]} Bg4 {[%emt 0:02:02]} 11. Be3 {[%emt 0:03:05]} cxd4 {[%emt 0:11:31]} 12. cxd4 {[%emt 0:00:53]} Nc6 {[%emt 0:00:10]} 13. d5 {[%emt 0:01:07]} Bxf3 {[%emt 0:07:20]} 14. Bxf3 {[%emt 0:01:28]} Ne5 {[%emt 0:00:29]} 15. Be2 {[%emt 0:02:01]} b6 {[%emt 0:15:26]} 16. Rc1 {[%emt 0:07:24]} Nd7 {[%emt 0:06:55]} 17. f4 {[%emt 0:03:56]} Rc8 {[%emt 0:06:08]} 18. Rc6 {[%emt 0:07:30]} Nc5 {[%emt 0:04:17]} 19. e5 {[%emt 0:05:43]} f6 {[%emt 0:05:39]} 20. Bg4 {[%emt 0:09:46]} Rb8 {[%emt 0:01:46]} 21. Re1 {[%emt 0:11:08]} fxe5 {[%emt 0:03:17]} 22. fxe5 {[%emt 0:00:05]} Kh8 {[%emt 0:00:39]} 23. Bg5 {[%emt 0:04:26]} Qe8 {[%emt 0:03:38]} 24. Rc7 {[%emt 0:02:01]} Qf7 {[%emt 0:03:47]} 25. Bf3 {[%emt 0:00:17]} Qf5 {[%emt 0:00:58]} 26. Bxe7 {[%emt 0:02:58]} Bxe5 {[%emt 0:00:21]} 27. Bxf8 {[%emt 0:01:08]} Rxf8 {[%emt 0:01:31]} 28. Re7 {[%emt 0:01:55]} Nd3 {[%emt 0:01:39]} 29. R1xe5 {[%emt 0:02:28]} Nxe5 {[%emt 0:00:13]} 30. Qa1 {[%emt 0:00:13]} 1-0

[Event "POL-chT DMP Ekstraliga 2019"]
[Site "Katowice"]
[Date "2019.09.01"]
[Round "5.25"]
[White "Piorun, Kacper"]
[Black "Harikrishna, Pentala"]
[Result "0-1"]
[WhiteElo "2660"]
[BlackElo "2738"]
[Annotator "TA"]
[PlyCount "54"]
[EventDate "2019.08.28"]
[EventType "team-tourn"]
[EventCountry "POL"]
[SourceTitle "playchess.com"]
[Source "ChessBase"]
[SourceQuality "1"]

{[%evp 18,82,0,0,0,0,0,-14,-8,-18,-29,-33,-27,-54,-54,-50,-43,-50,-50,-48,-48,-50,-51,-31,-21,-70,-57,-66,-35,-101,-66,-124,-81,-125,-129,-141,-140,-153,-93,-188,-132,-195,-196,-189,-190,-246,-191,-235,-173,-235,-195,-767,-777,-2284,-2223,-1412,-1390,-1938,-1933,-12829,-12833,-29978,-29977,-29988,-29989,-29989,-29990]} 1. e4 e5 2. Nf3 Nc6 3. Bc4 Bc5 4. c3 Nf6 5. d4 exd4 6. e5 d5 7. Be2 Ne4 8. cxd4 Bb4+ 9. Bd2 Nxd2 10. Nbxd2 O-O {C54: Giuoco Piano: 4 c3 Nf6, main lines with 5 d4 and 5 d3} 11. O-O f6 (11... Ba5 12. Bb5 Ne7 13. Bd3 Bf5 14. Nb3 Bb6 15. Bxf5 Nxf5 16. Qd3 Qd7 17. Rac1 c6 18. Nc5 Bxc5 19. Rxc5 {1-0 (64) Vitiugov,N (2719)-Jakovenko,D (2735) St Petersburg 2018}) 12. Nb3 Re8 $146 {[%cal Rf6e5] The position is equal.} ({Predecessor:} 12... Bf5 13. Rc1 Be4 14. Nc5 Bxc5 15. Rxc5 fxe5 16. dxe5 Qe7 17. Qc1 Rac8 18. Ng5 Nxe5 19. Nxe4 dxe4 {0-1 (59) Godena,M (2505)-Sonis,F (2445) Chianciano Terme 2018}) 13. Bb5 Bg4 {[%cal Rf6e5]} 14. Bxc6 bxc6 15. Qd3 Bxf3 $1 16. Qxf3 fxe5 17. dxe5 Rxe5 18. Rac1 Qd7 19. Nc5 Bxc5 20. Rxc5 Rae8 21. Rc2 Re1 22. h3 d4 23. Qd3 (23. b4 $15) 23... Qd5 24. b3 (24. b4 $15) 24... R8e6 25. Rc4 c5 $36 {[%mdl 2048] Black is on the roll.} 26. Rc2 a5 27. Rc1 {[#]} R1e5 {Played: Re6-g6} 0-1